000 01483nam0a2200361 4500
001 RU\NLR\BIBL_A\016359638
005 20230518094558.0
010 _a978-5-93528-065-9
_92000
021 _aRU
_bКН-П-23-021422
_9КН-П-23-2128
035 _a(NLR Aleph) 016359638
035 _a(RuMoRGB)011702655
090 _a13147175
_c13147175
100 _a20230502d2023 u y0rusy50 ca
101 0 _arus
102 _aRU
105 _a |||w|||000zy
181 0 _ai3
_baxxe
182 0 _an
200 1 _aСлужба преподобной Марфе Дивеевской
_eмесяца августа в 21-й день
203 _aТекст
_bвизуальный
_cнепосредственный
210 _aДивеево
_cСвято-Троицкий Серафимо-Дивеевский женский монастырь
_d2023
215 _a43 с.
_cцв. ил.
_d30
606 1 _aБогослужение православное
_91548697
_3RU\NLR\AUTH\66977026
606 1 _aБогослужебные книги православные
_9930216
_3RU\NLR\AUTH\6623829
686 2 _aЭ372.24-503.182.4
686 2 _aЭ372.24-507
702 0 _4570
_7ca
_8rus
_aМарфа
_cМелюкова, Мария Семеновна
_cсхимонахиня
_f1810-1829
_9121690
_3RU\NLR\AUTH\7711956
942 _cBOOK
980 _aNB